[Event "LTU-chT"]
[Site "Lithuania"]
[Date "2025.01.26"]
[Round "4.13"]
[White "Stauskas, Lukas"]
[Black "Sulskis, Sarunas"]
[Result "1/2-1/2"]
[WhiteElo "2377"]
[BlackElo "2496"]
[PlyCount "128"]
[EventDate "2025.01.24"]
[EventType "team-swiss"]
[EventRounds "7"]
[EventCountry "LTU"]
[SourceTitle "CB14_2025"]
[SourceDate "2024.11.01"]
[SourceVersion "1"]
[SourceVersionDate "2024.11.01"]
[SourceQuality "1"]
[WhiteTeam "Vilnius Chess United"]
[BlackTeam "Kaunas Margiris"]
[WhiteTeamCountry "LTU"]
[BlackTeamCountry "LTU"]

1. d4 Nf6 2. c4 e6 3. Nc3 Bb4 4. Qc2 d5 5. cxd5 Qxd5 6. Nf3 Qf5 7. Qb3 c5 8. a3 Ba5 9. Bd2 Nc6 10. dxc5 Qxc5 11. e3 0-0 12. Qc2 Bxc3 13. Bxc3 Nd5 14. Rc1 Nxc3 15. Qxc3 Qxc3+ 16. Rxc3 Bd7 17. Bd3 Rfc8 18. Ke2 Nd8 19. Rhc1 Rxc3 20. Rxc3 Rc8 21. Rxc8 Bxc8 22. Nd4 Bd7 23. f4 f6 24. Be4 Kf7 25. g3 h6 26. Kd3 Ke7 27. Kc3 b6 28. Ba8 g5 29. Nf3 Nf7 30. e4 e5 31. fxg5 Nxg5 32. Nxg5 fxg5 33. Kc4 Kd6 34. Bd5 Bh3 35. b4 h5 36. Kd3 h4 37. gxh4 gxh4 38. Ke3 Ke7 39. Bc4 Kf6 40. Be2 Kg5 41. Bd1 Bg4 42. Bb3 Bh5 43. Be6 Bd1 44. Bd7 a5 45. Be6 Ba4 46. Bc8 Bb5 47. Kf3 Bf1 48. Ke3 Bg2 49. Bf5 Bf1 50. Bc8 Bb5 51. Bf5 Ba4 52. Bc8 Kf6 53. Kf3 Bd1+ 54. Ke3 Ke7 55. Ba6 Kd6 56. Bb5 Bg4 57. Kf2 Bc8 58. Kf3 Ke7 59. Ke3 Kf6 60. Ba4 Kg5 61. Bd1 Bh3 62. Be2 Bg4 63. Bb5 Bd1 64. Bd7 Bc2 1/2-1/2

[Event "LTU-chT"]
[Site "Lithuania"]
[Date "2023.04.21"]
[Round "4.4"]
[White "Stauskas, Lukas"]
[Black "Narmontas, Matas"]
[Result "1-0"]
[WhiteElo "2317"]
[BlackElo "2418"]
[PlyCount "47"]
[EventDate "2023.03.04"]
[EventType "team"]
[EventRounds "7"]
[EventCountry "LTU"]
[SourceTitle "EXT 2024"]
[Source "ChessBase"]
[SourceDate "2023.10.10"]
[SourceVersion "1"]
[SourceVersionDate "2023.10.10"]
[SourceQuality "1"]
[WhiteTeam "Vilnius Chess United"]
[BlackTeam "Siauliai Dubysa"]
[WhiteTeamCountry "LTU"]
[BlackTeamCountry "LTU"]

1. d4 f5 2. Nc3 d5 3. Bg5 c6 4. e3 Qb6 5. Rb1 g6 6. h4 Bg7 7. Bd3 Nd7 8. Nf3 e5 9. dxe5 Nxe5 10. Nxe5 Bxe5 11. h5 Bg7 12. hxg6 hxg6 13. Rxh8 Bxh8 14. Kd2 Be6 15. Qh1 Bg7 16. g4 Nf6 17. gxf5 gxf5 18. Rg1 Ne4+ 19. Bxe4 Qxb2 20. Nd1 Qb4+ 21. c3 Qxe4 22. Qh7 Kf8 23. Bf4 Bf6 24. Rg6 1-0

[Event "LTU-ch Rapid"]
[Site "Taujenai"]
[Date "2022.12.04"]
[Round "10"]
[White "Vedrickas, Tautvydas"]
[Black "Stauskas, Lukas"]
[Result "0-1"]
[WhiteElo "2246"]
[BlackElo "2335"]
[PlyCount "96"]
[EventDate "2022.12.03"]
[EventType "swiss (rapid)"]
[EventRounds "10"]
[EventCountry "LTU"]
[SourceTitle "CBM 211 Extra"]
[Source "ChessBase"]
[SourceDate "2023.01.31"]
[SourceVersion "1"]
[SourceVersionDate "2023.01.31"]
[SourceQuality "1"]

1. d4 Nf6 2. c4 e6 3. Nc3 Bb4 4. Qc2 c5 5. a3 Bxc3+ 6. bxc3 Nc6 7. Nf3 Qa5 8. Bd2 d6 9. g4 h6 10. h3 e5 11. Rg1 e4 12. d5 Ne7 13. g5 hxg5 14. Nxg5 Bf5 15. Qb2 b6 16. Bf4 Rd8 17. e3 Ng6 18. Bh2 Nh7 19. a4 Ke7 20. Qc2 Kf8 21. Rb1 Nxg5 22. Rxg5 Bxh3 23. Rb5 Qa6 24. Rxg6 fxg6 25. Bxh3 Rxh3 26. Bf4 Rh1+ 27. Ke2 Qc8 28. Rb1 Qg4+ 29. Kd2 Rxb1 30. Qxb1 Qf5 31. Qh1 Kg8 32. Qh2 Qd7 33. Qg2 Qf5 34. Kc2 a5 35. Qh2 Qf6 36. Qg3 Rf8 37. Kb3 g5 38. Bxd6 Qxf2 39. Qxg5 Rf5 40. Qg6 Qf1 41. Bf4 Qd1+ 42. Ka3 Qc1+ 43. Kb3 Qb1+ 44. Ka3 Qa1+ 45. Kb3 Qb1+ 46. Ka3 Rf7 47. Be5 b5 48. axb5 a4 0-1

[Event "LTU-ch Rapid"]
[Site "Taujenai"]
[Date "2022.12.03"]
[Round "3"]
[White "Pidluznij, Gleb"]
[Black "Stauskas, Lukas"]
[Result "1/2-1/2"]
[WhiteElo "2123"]
[BlackElo "2335"]
[PlyCount "49"]
[EventDate "2022.12.03"]
[EventType "swiss (rapid)"]
[EventRounds "10"]
[EventCountry "LTU"]
[SourceTitle "CBM 211 Extra"]
[Source "ChessBase"]
[SourceDate "2023.01.31"]
[SourceVersion "1"]
[SourceVersionDate "2023.01.31"]
[SourceQuality "1"]

1. e4 c5 2. Nf3 e6 3. c3 Nf6 4. e5 Nd5 5. d4 cxd4 6. cxd4 d6 7. Bd3 dxe5 8. dxe5 Nb4 9. Be4 Qxd1+ 10. Kxd1 Nd7 11. a3 Nc5 12. Nc3 Nbd3 13. Bxd3 Nxd3 14. Ke2 Nxc1+ 15. Raxc1 Bd7 16. Ne4 Bc6 17. Ke3 Be7 18. Nd4 Bd5 19. Rhd1 0-0 20. f4 Rac8 21. Nb5 a6 22. Nbd6 Rb8 23. g3 f6 24. Rf1 Bd8 25. b4 1/2-1/2

[Event "LTU-ch Rapid"]
[Site "Taujenai"]
[Date "2022.12.03"]
[Round "1"]
[White "Sukyte, Kotryna"]
[Black "Stauskas, Lukas"]
[Result "0-1"]
[WhiteElo "1594"]
[BlackElo "2335"]
[PlyCount "82"]
[EventDate "2022.12.03"]
[EventType "swiss (rapid)"]
[EventRounds "10"]
[EventCountry "LTU"]
[SourceTitle "CBM 211 Extra"]
[Source "ChessBase"]
[SourceDate "2023.01.31"]
[SourceVersion "1"]
[SourceVersionDate "2023.01.31"]
[SourceQuality "1"]

1. e4 c5 2. Nc3 e6 3. g3 d5 4. exd5 exd5 5. Bg2 Nf6 6. d3 d4 7. Ne4 Nxe4 8. Bxe4 Nd7 9. Ne2 Nf6 10. Bg2 Bd6 11. 0-0 0-0 12. Bf4 Bg4 13. Qd2 Bxe2 14. Qxe2 Bxf4 15. gxf4 Re8 16. Qf3 Rb8 17. Rfe1 Rxe1+ 18. Rxe1 Qa5 19. Re7 Qxa2 20. Rxb7 Qb1+ 21. Bf1 Re8 22. Qc6 Qxc2 23. Qc7 Rf8 24. Rb8 g6 25. Rxf8+ Kxf8 26. Qxa7 Kg7 27. Qe7 Ng4 28. Be2 Qc1+ 29. Kg2 Qxf4 30. Bxg4 Qxg4+ 31. Kf1 Qf5 32. Qe2 h5 33. Kg1 Qg4+ 34. Qxg4 hxg4 35. b3 Kf6 36. Kg2 Kf5 37. Kg3 g5 38. f3 gxf3 39. Kxf3 Kg6 40. h3 f5 41. Kg3 Kh5 0-1

[Event "Riga Tech op 11th"]
[Site "Riga"]
[Date "2022.08.21"]
[Round "9"]
[White "Stauskas, Lukas"]
[Black "Blomqvist, Erik"]
[Result "0-1"]
[WhiteElo "2348"]
[BlackElo "2522"]
[PlyCount "102"]
[EventDate "2022.08.15"]
[EventType "swiss"]
[EventRounds "9"]
[EventCountry "LAT"]
[SourceTitle "CBM 209 Extra"]
[Source "ChessBase"]
[SourceDate "2022.09.30"]
[SourceVersion "1"]
[SourceVersionDate "2022.09.30"]
[SourceQuality "1"]

1. d4 Nf6 2. c4 e6 3. Nc3 Bb4 4. Qc2 c5 5. dxc5 0-0 6. Nf3 Na6 7. g3 Nxc5 8. Bg2 Nce4 9. 0-0 Bxc3 10. bxc3 Qc7 11. Nd4 d5 12. cxd5 exd5 13. Bf4 Qc5 14. Rac1 Bd7 15. Qb3 b6 16. f3 Nd6 17. Qb4 Nc4 18. Qxc5 bxc5 19. Nb3 Rfc8 20. Nd2 Nxd2 21. Bxd2 Rab8 22. Rb1 d4 23. cxd4 cxd4 24. Bf4 Rb5 25. Rfc1 Rxc1+ 26. Rxc1 Nd5 27. Rc4 Nxf4 28. gxf4 Rd5 29. Kf2 g6 30. Kg3 Bb5 31. Rc2 Kg7 32. Rd2 Rd7 33. f5 gxf5 34. Kf4 Kf6 35. Bh3 Rd5 36. a3 Bc4 37. Rc2 d3 38. exd3 Rd4+ 39. Kg3 Bxd3 40. Rc6+ Kg5 41. Rc7 a5 42. Rc5 a4 43. Ra5 h5 44. Bg2 h4+ 45. Kh3 Bc2 46. Rc5 Bb3 47. Bf1 Rd2 48. Bb5 Bd1 49. Rc3 Rf2 50. f4+ Kxf4 51. Rc4+ Kg5 0-1

[Event "Riga Tech Rapid op"]
[Site "Riga"]
[Date "2022.08.14"]
[Round "4"]
[White "Stauskas, Lukas"]
[Black "Kolesnikovs, Ivans"]
[Result "1-0"]
[WhiteElo "2348"]
[BlackElo "2052"]
[PlyCount "51"]
[EventDate "2022.08.14"]
[EventType "swiss (rapid)"]
[EventRounds "9"]
[EventCountry "LAT"]
[SourceTitle "CBM 209 Extra"]
[Source "ChessBase"]
[SourceDate "2022.09.30"]
[SourceVersion "1"]
[SourceVersionDate "2022.09.30"]
[SourceQuality "1"]

1. d4 d5 2. Nf3 c5 3. c4 e6 4. cxd5 exd5 5. Nc3 Nf6 6. g3 c4 7. Bg2 Be7 8. 0-0 0-0 9. b3 cxb3 10. Qxb3 Nc6 11. Ba3 h6 12. e3 Rb8 13. Bxe7 Nxe7 14. Ne5 Be6 15. Qa3 Nc8 16. Rab1 Qd6 17. Qa5 a6 18. a4 Qd8 19. Qxd8 Rxd8 20. Nc6 Nd6 21. Nxb8 Rxb8 22. Rfc1 Nc4 23. Nxd5 Nxd5 24. Rxc4 Nxe3 25. Rc5 b6 26. fxe3 1-0

[Event "Pardubice Czech op-A 33rd"]
[Site "Pardubice"]
[Date "2022.07.22"]
[Round "1"]
[White "Gressmann, Moritz"]
[Black "Stauskas, Lukas"]
[Result "0-1"]
[WhiteElo "2114"]
[BlackElo "2348"]
[PlyCount "148"]
[EventDate "2022.07.22"]
[EventType "swiss"]
[EventRounds "9"]
[EventCountry "CZE"]
[SourceTitle "CBM 209 Extra"]
[Source "ChessBase"]
[SourceDate "2022.09.30"]
[SourceVersion "1"]
[SourceVersionDate "2022.09.30"]
[SourceQuality "1"]

1. d4 Nf6 2. Nf3 d5 3. g3 e6 4. c4 Bb4+ 5. Bd2 Bd6 6. Bg2 Nbd7 7. 0-0 c6 8. Qc2 0-0 9. Bg5 h6 10. Bxf6 Qxf6 11. Nbd2 dxc4 12. Nxc4 e5 13. Nxd6 Qxd6 14. dxe5 Nxe5 15. Rfd1 Nxf3+ 16. Bxf3 Qe7 17. Rd2 Be6 18. a3 a5 19. Qc3 a4 20. Rad1 Rfc8 21. Rd4 Rc7 22. Qd3 g6 23. h4 h5 24. Be4 Kg7 25. Qc3 Qf6 26. Qc5 Bb3 27. R1d2 Re8 28. Bc2 Bxc2 29. Rxc2 Re5 30. Qc3 Rf5 31. e3 b5 32. Rd6 Qxc3 33. Rxc3 c5 34. Rb6 c4 35. Kf1 Rd7 36. Ke2 Rfd5 37. Rc2 f6 38. Kf3 Kf7 39. Ke2 Ke7 40. Ke1 Kf7 41. Ke2 Kg7 42. Kf3 Rf5+ 43. Ke2 Rd3 44. Rc3 Rd7 45. Rc2 Kf7 46. Ke1 Ke7 47. Ke2 Rfd5 48. Ke1 R7d6 49. Rb7+ Ke6 50. Ke2 Kf5 51. Kf3 Re5 52. Rb8 Rd3 53. Rb6 Red5 54. Ke2 Ke5 55. e4 Rc5 56. Rc3 Kxe4 57. Rxf6 Re5 58. Rc2 Kd5+ 59. Kf1 Re6 60. Rxe6 Kxe6 61. Ke2 Rb3 62. Kd2 Kf5 63. Ke2 Kg4 64. Rd2 Kh3 65. Kf1 c3 66. bxc3 Rxa3 67. Rc2 Rb3 68. Ke2 Kg2 69. Kd1 a3 70. Kc1 Kf3 71. Kd1 Rb1+ 72. Kd2 Kxf2 73. Kd3+ Kxg3 74. Ra2 Rb3 0-1

[Event "LTU-chT"]
[Site "Lithuania"]
[Date "2021.05.08"]
[Round "3.2"]
[White "Stauskas, Lukas"]
[Black "Zagorskis, Darius"]
[Result "1/2-1/2"]
[WhiteElo "2316"]
[BlackElo "2408"]
[PlyCount "65"]
[EventDate "2021.05.07"]
[EventType "team-swiss"]
[EventRounds "7"]
[EventCountry "LTU"]
[SourceTitle "CBM 202 Extra"]
[Source "ChessBase"]
[SourceDate "2021.07.31"]
[SourceVersion "1"]
[SourceVersionDate "2021.07.31"]
[SourceQuality "1"]
[WhiteTeam "Vilnius BTT Cloud"]
[BlackTeam "Panevezio Gigant"]
[WhiteTeamCountry "LTU"]
[BlackTeamCountry "LTU"]

1. d4 Nf6 2. c4 e6 3. Nc3 Bb4 4. Qc2 d5 5. cxd5 Qxd5 6. Nf3 Qf5 7. Qb3 Nc6 8. Bd2 Bxc3 9. Bxc3 0-0 10. e3 b6 11. Qb5 Qxb5 12. Bxb5 Bb7 13. Rc1 Rfc8 14. Ke2 Nb8 15. b4 Kf8 16. Rhd1 Ke7 17. Ne5 Ne4 18. Be1 Nd6 19. Bd3 f6 20. Nf3 Nd7 21. a4 a5 22. bxa5 bxa5 23. Rd2 c5 24. Rb2 cxd4 25. Rxc8 Bxc8 26. Nxd4 Ne5 27. Rb6 Bd7 28. Bb5 Nec4 29. Bxc4 Nxc4 30. Rb7 Nd6 31. Nc6+ Ke8 32. Rc7 Rc8 33. Rxc8+ 1/2-1/2

[Event "Riga Tech op-A"]
[Site "Riga"]
[Date "2019.08.07"]
[Round "4"]
[White "Stauskas, Lukas"]
[Black "Sulskis, Sarunas"]
[Result "0-1"]
[WhiteElo "2339"]
[BlackElo "2519"]
[PlyCount "66"]
[EventDate "2019.08.05"]
[EventType "swiss"]
[EventRounds "9"]
[EventCountry "LAT"]
[SourceTitle "CBM 191 Extra"]
[Source "ChessBase"]
[SourceDate "2019.09.30"]
[SourceVersion "1"]
[SourceVersionDate "2019.09.30"]
[SourceQuality "1"]

1. d4 Nf6 2. c4 e6 3. Nc3 Bb4 4. Qc2 c5 5. dxc5 0-0 6. Nf3 Na6 7. g3 Nxc5 8. Bg2 b6 9. 0-0 Bb7 10. Nb5 Be4 11. Qd1 Nb7 12. a3 Be7 13. Bf4 Rc8 14. Rc1 a6 15. Nd6 Nxd6 16. Bxd6 Bxd6 17. Qxd6 Rc6 18. Qd4 Qc7 19. Ne5 Bxg2 20. Kxg2 Rc5 21. Nd3 Rh5 22. f3 e5 23. Qe3 e4 24. Nf2 Re8 25. Qd4 Qc6 26. Rfd1 Rhe5 27. Rc3 h5 28. Kf1 exf3 29. exf3 Re2 30. Rd2 Re1+ 31. Kg2 Ng4 32. Qxd7 Qxd7 33. Rxd7 Nxf2 0-1

[Event "Plunge op-A 39th"]
[Site "Plateliai"]
[Date "2019.07.18"]
[Round "6"]
[White "Sakalauskas, Vaidas"]
[Black "Stauskas, Lukas"]
[Result "1/2-1/2"]
[WhiteElo "2329"]
[BlackElo "2306"]
[PlyCount "52"]
[EventDate "2019.07.15"]
[EventType "swiss"]
[EventRounds "9"]
[EventCountry "LTU"]
[SourceTitle "CBM 191 Extra"]
[Source "ChessBase"]
[SourceDate "2019.09.30"]
[SourceVersion "1"]
[SourceVersionDate "2019.09.30"]
[SourceQuality "1"]

1. d4 Nf6 2. c4 e6 3. Nc3 d5 4. cxd5 exd5 5. Bg5 c6 6. e3 Be7 7. Bd3 Nbd7 8. Nge2 h6 9. Bh4 Nh5 10. Bxe7 Qxe7 11. Qc2 Nb6 12. 0-0-0 Bd7 13. Kb1 0-0-0 14. Na4 Nxa4 15. Qxa4 Kb8 16. Qc2 g6 17. Nc3 Bc8 18. Na4 Rhe8 19. Ka1 Ng7 20. Rc1 Qg5 21. g3 Bf5 22. Nc5 Qe7 23. h4 Bxd3 24. Nxd3 Nf5 25. Nc5 Nd6 26. Qb3 Ka8 1/2-1/2